000
00238nam a22001097a 4500
003
SGT
082
_a
342,BAR
100
_a
BARE,ACT
245
_a
COMMISSIONS OF INQUIRY ACT1952
260
_a
NEW DELHI
_b
EASTERN BOOK
_c
2015
942
_2
ddc
_c
BK
999
_c
11607
_d
11607